Nghệ thuật nấu ăn 207 món ăn thông dụng, dễ làm
Bewaard in:
| Hoofdauteur: | |
|---|---|
| Formaat: | Boek |
| Taal: | Undetermined |
| Gepubliceerd in: |
Đồng Tháp
Nxb. Đồng Tháp
1997
|
| Onderwerpen: | |
| Tags: |
Voeg label toe
Geen labels, Wees de eerste die dit record labelt!
|
| Thư viện lưu trữ: | Trung tâm Học liệu Trường Đại học Cần Thơ |
|---|
| LEADER | 00566nam a2200205Ia 4500 | ||
|---|---|---|---|
| 001 | CTU_22301 | ||
| 008 | 210402s9999 xx 000 0 und d | ||
| 020 | |b 14,000đ | ||
| 082 | |a 641.5 | ||
| 082 | |b Ng419 | ||
| 100 | |a Ngọc Trâm | ||
| 245 | 0 | |a Nghệ thuật nấu ăn | |
| 245 | 0 | |b 207 món ăn thông dụng, dễ làm | |
| 245 | 0 | |c Ngọc Trâm | |
| 260 | |a Đồng Tháp | ||
| 260 | |b Nxb. Đồng Tháp | ||
| 260 | |c 1997 | ||
| 650 | |a cookery | ||
| 904 | |i Minh, 980409 | ||
| 980 | |a Trung tâm Học liệu Trường Đại học Cần Thơ | ||